Theodosius the empire at bay /

Bibliographic Details
Main Author: Williams, Stephen, 1942-
Other Authors: Friell, J. G. P. (John Gerard Paul)
Format: Electronic eBook
Language:English
Published: London : Batsford, 1994.
Subjects:
Online Access:Full Text via HEAL-Link
LEADER 01217cam a2200325Ia 4500
001 9780203975961
003 FlBoTFG
005 20091230162920.0
006 a|||||s|||||||||||
007 cr||||
008 950602s1994 enkab sb 001 0beng d
020 |a 9780203975961 (e-book : PDF) 
040 |a FlBoTFG  |c FlBoTFG  |d GrThAP 
043 |a e------  |a ff-----  |a aw----- 
090 |a DG330  |b .W55 1994 
092 |a 937.08092  |b W727 
100 1 |a Williams, Stephen,  |d 1942- 
245 1 0 |a Theodosius  |h [electronic resource] :  |b the empire at bay /  |c Stephen Williams and Gerard Friell. 
260 |a London :  |b Batsford,  |c 1994. 
300 |a 238 p. :  |b ill., maps. 
504 |a Includes bibliographical references (p. 227-233) and index. 
530 |a Also available in print edition.  |b CRC Press (http://www.crcpress.com) 
538 |a Mode of access: World Wide Web. 
600 0 0 |a Theodosius  |b I,  |c Emperor of Rome,  |d 347-395. 
650 0 |a Emperors  |z Rome  |v Biography. 
651 0 |a Rome  |x History  |y Theodosius I, the Great, 379-395. 
655 7 |a Electronic books.  |2 lcsh 
700 1 |a Friell, J. G. P.  |q (John Gerard Paul) 
776 1 |z 9780713466911 
856 4 0 |u http://www.tandfebooks.com/isbn/9780203975961  |z Full Text via HEAL-Link